000 00356nam a2200121 4500
999 _c12175
_d12175
008 190118b ||||| |||| 00| 0 eng d
100 _934483
_aDoquila, Gilford A.
245 _aFirms see high demand for furniture/
_cGilford A. Doquila
260 _aDavao City
_bSun Star Davao
_cc2018
300 _apage 7.
650 0 _934484
_aBusiness.
942 _2ddc
_cPER